| 000 | 00000nam##2200000za#4500 |
| 001 | 9.635853 |
| 003 | CaOODSP |
| 005 | 20250403105338 |
| 007 | cr ||||||||||| |
| 008 | 150407|2006||||xxc|||||o f|0| 0 fre|d |
| 020 | |a978-1-100-90143-5 |
| 040 | |aCaOODSP|bfre |
| 043 | |an-cn--- |
| 086 | 1 |aCS89-634/3-2006F-PDF |
| 245 | 00|aEnfants de moins de six ans des Premières nations vivant hors réserve |h[ressource électronique] |
| 246 | 1 |iTitre additionnel (dans la publication) : |aL'Enquête sur les enfants autochtones, 2006. Enfants de moins de six ans des Premières nations vivant hors réserve |
| 260 | |aOttawa - Ontario : |bStatistique Canada |cNovembre 2008. |
| 300 | |a5p. |
| 590 | |a11-01-Supp|b2011-01-11 |
| 710 | 2 |aStatistique Canada. |
| 775 | 08|tFirst Nations children under six years old living off reserve |w(CaOODSP)9.691525 |
| 856 | 40|ahttp://publications.gc.ca|qPDF|s1236 Ko|uhttps://publications.gc.ca/collections/collection_2010/statcan/89-634-X/89-634-x2008003-fra.pdf |